000 00721nam a2200253Ia 4500
003 OSt
005 20220912145614.0
006 a|||||r|||| 00| 0
007 ta
008 220909b |||||||| |||| 00| 0 eng d
024 _a71305
037 _cTextual
040 _aCSL
_beng
_cCSL
041 _aeng
082 _aG:3p1,N64, K5
100 _aAschoff J Ed.
111 _aSymposium on Circadian clocks (1964 : North Atlantic)
245 0 _aCircadian clocks: Proceedings of the Feldafing summer school
260 _aAmsterdam
_bNorth Holland publishing
_c1965
300 _ap.
_ccm.
650 _aPhysiology
942 _hG:3p1,N64, K5
_cTEXL
_2CC
999 _c34851
_d34851